Ostatnie strzały na Śląsku
| Titel: | Ostatnie strzały na Śląsku : operacja praska : działania 31 i 52 Armii w Sudetach Zachodnich / Maciej Szczerepa |
|---|---|
| Verfasser: | |
| Veröffentlicht: | Jelenia Góra : Wydawnictwo Archiwum-System, 2023 |
| Umfang: | 152 Seiten : Illustrationen, Porträts, Karten |
| Format: | Buch |
| Sprache: | Polnisch |
| Schriftenreihe/ mehrbändiges Werk: |
Śląsko-łużyckie bitwy i kampanie |
| ISBN: | 9788362809264 |
| Hinweise zum Inhalt: |
Inhaltsverzeichnis
Literaturverzeichnis Buch Bibliographie Cover Abstract |
alg: 51548588 001A $03004:09-02-24 001B $03025:10-02-26 $t13:14:36.000 001D $03004:09-02-24 001U $0utf8 001X $00 002@ $0Aau 002C $aText $btxt $2rdacontent 002D $aohne Hilfsmittel zu benutzen $bn $2rdamedia 002E $aBand $bnc $2rdacarrier 003@ $0515485888 003O $01420463783 $aOCoLC 004A $A978-83-62809-26-4 006C $01409123962 $aOCoLC 007A $0BV049082675 $aBVB 009P $qapplication/pdf $3Inhaltsverzeichnis $uhttp://bvbr.bib-bvb.de:8991/F?func=service&doc_library=BVB01&local_base=BVB01&doc_number=034344561&sequence=000001&line_number=0001&func_code=DB_RECORDS&service_type=MEDIA $mDigitalisierung BSB München 19 - ADAM Catalogue Enrichment 009P $qapplication/pdf $3Literaturverzeichnis $uhttp://bvbr.bib-bvb.de:8991/F?func=service&doc_library=BVB01&local_base=BVB01&doc_number=034344561&sequence=000003&line_number=0002&func_code=DB_RECORDS&service_type=MEDIA $mDigitalisierung BSB München 19 - ADAM Catalogue Enrichment 009P $qapplication/pdf $A2 $3Buch Bibliographie $uhttp://scans.hebis.de/HEBCGI/show.pl?51548588_bib.pdf $mV:DE-603;B:DE-Mb50 009P $qapplication/pdf $A2 $3Cover $uhttp://scans.hebis.de/HEBCGI/show.pl?51548588_cov.pdf $mV:DE-603;B:DE-Mb50 009P $qapplication/pdf $A2 $3Abstract $uhttp://scans.hebis.de/HEBCGI/show.pl?51548588_sum.pdf $mV:DE-603;B:DE-Mb50 010@ $apol 010E $erda 011@ $a2023 $n2023 021A $aOstatnie strzały na Śląsku $doperacja praska : działania 31 i 52 Armii w Sudetach Zachodnich $hMaciej Szczerepa 028A $BVerfasser $4aut $71207476048 $8Szczerepa, Maciej [Tp3] $9462020894 033A $pJelenia Góra $nWydawnictwo Archiwum-System 034D $a152 Seiten 034M $aIllustrationen, Porträts, Karten 036G $aŚląsko-łużyckie bitwy i kampanie 037A $aLiteraturverzeichnis Seite 139-146 044K $qBVB $RPolen $RSchlesien $#Polen (Südwest) $#Südwestpolen $74373218-5 $8Polen$zSüdwest [Tg1] $9088353737 044K $qBVB $RSudeten $#Westsudeten $#Sudety Zachodnie $#Západní Sudety $74118873-1 $8Sudeten$zWest [Tg1] $9085372102 044K $qBVB $RRossijskaja Social'-Demokratičeskaja Rabočaja Partija (Bol'ševikov) $RRussische SFSR $RSowjetunion $#Raboče-Krestʹjanskaja Krasnaja Armija Sowjetunion $#Sowjetunion, Krasnaja Armija $#Krasnaja Armija Sowjetunion $#Sowjetunion, Red Army $#Red Army Sowjetunion $#Sowjetunion, Armée rouge $#Armée rouge Sowjetunion $#Sowjetunion, Rote Armee $#Rote Armee Sowjetunion $#RKKA SSSR $7130443-4 $8Sowjetunion$bRaboče-Krestʹjanskaja Krasnaja Armija [Tb1] $9040793427 044K $qBVB $RWeltkrieg $#World War, 1939-1945 $#Guerre mondiale (1939-1945) $#Weltkrieg 1939-1945 $#2. Weltkrieg $#Weltkrieg 2 $#II. Weltkrieg $#Weltkrieg II $74079167-1 $8Zweiter Weltkrieg [Tsz] $9085224618 045F $a355.00943809044 $eDDC22BSB 045F/01 $a355.009 045F/03 $f09044 045F/03 $g438 045F/03 $g478 045F/03 $g43 045R $aGeschichte 1945 045T $aOST $qDE-12 $2FID lok: 51548588 24 exp: 51548588 24 1 #EPN 201B/01 $022-02-24 $t11:31:26.000 201C/01 $009-02-24 201U/01 $0utf8 203@/01 $0125602371X 208@/01 $a22-02-24 $bz 209A/01 $a24.00763 $du $f050 $h24 00763 $x00 209C/01 $a24.00763 K $h24 00763 K 209G/01 $a74813798 $x00 220C/01 $ahae 247C/01 $8358050-7Marburg, Bibliothek des Herder-Instituts Marburg $9102600961 lok: 51548588 78 exp: 51548588 78 1 #EPN 201B/01 $010-02-26 $t13:14:36.000 201C/01 $010-02-26 201U/01 $0utf8 203@/01 $01335133801 208@/01 $a10-02-26 $be 209A/01 $a/ $f000 $x00 209A/01 $ab*p $x01 220C/01 $apgar 244Z/01 $#Generalgouvernement Polen $#Polska $#Rzeczpospolita Polska $#Polska Rzeczpospolita Ludowa $#Poland $#Pologne $#République Polonaise $#Generalne Gubernatorstwo w Polsce $#Polish People's Republic $#Polska Rzeczpospolita Polen $#PRL $#RP $#Polen Generalgouvernement $#Polska Generalgouvernement $#Besetzte Polnische Gebiete $#Besetztes Gebiet in Polen $#Okupowane Polskie Obszary $#Obszary Okupowane w Polsce $#Volksrepublik Polen $#Polska Rosyjska $#Republic Polen $#Respublika Pol'ša $#Pol'skaja Narodnaja Respublika $#République de Pologne $#Polen Links der Weichsel $#Polska po Lewej Stronie Wisły $#Lenkija $#Polija $#Gubernija Carstva Pol'skago $#Republik Polen $74046496-9 $8--Tg1--Polen $x01 $9085129801 244Z/01 $#Schlesien $#Schlesien $#Herzogtum Schlesien $#Herzogtum Schlesien Schlesien $#Provinz Schlesien $#Śla̜sk $#Slezsko $#Silesia $74052678-1 $8--Tg1--Schlesien $x02 $9085146781 247C/01 $82080>Marburg/Lahn, Herder-Institut, Forschungsbibliothek, Bibliographieportal $9336309341
| LEADER | 00000cam a2200000 c 4500 | ||
|---|---|---|---|
| 001 | 515485888 | ||
| 003 | DE-603 | ||
| 005 | 20260210131436.0 | ||
| 007 | tu | ||
| 008 | 240209s2023 xx |||| | u00||u|pol c | ||
| 020 | |a 9788362809264 | ||
| 035 | |a (DE-599)BVBBV049082675 | ||
| 035 | |a (OCoLC)1420463783 | ||
| 040 | |a DE-603 |b ger |c DE-603 |d DE-603 |e rda | ||
| 041 | |a pol | ||
| 082 | 0 | 4 | |8 1\u |a 355.00943809044 |q DE-101 |2 22/BSB |
| 084 | |a OST |q DE-12 |2 fid | ||
| 085 | |8 1\u |b 355.009 | ||
| 085 | |8 1\u |z 1 |s 09044 | ||
| 085 | |8 1\u |z 2 |s 438 | ||
| 085 | |8 1\u |z 2 |s 478 | ||
| 085 | |8 1\u |z 2 |s 43 | ||
| 100 | 1 | |a Szczerepa, Maciej |e Verfasser |4 aut |0 (DE-603)462020894 |0 (DE-588)1207476048 |2 gnd | |
| 245 | 0 | 0 | |a Ostatnie strzały na Śląsku |b operacja praska : działania 31 i 52 Armii w Sudetach Zachodnich |c Maciej Szczerepa |
| 264 | 1 | |a Jelenia Góra |b Wydawnictwo Archiwum-System |c 2023 | |
| 300 | |a 152 Seiten |b Illustrationen, Porträts, Karten | ||
| 336 | |a Text |b txt |2 rdacontent | ||
| 337 | |a ohne Hilfsmittel zu benutzen |b n |2 rdamedia | ||
| 338 | |a Band |b nc |2 rdacarrier | ||
| 490 | 0 | |a Śląsko-łużyckie bitwy i kampanie | |
| 500 | |a Literaturverzeichnis Seite 139-146 | ||
| 610 | 1 | 7 | |a Sowjetunion |b Raboče-Krestʹjanskaja Krasnaja Armija |2 gnd |0 (DE-588)130443-4 |0 (DE-603)040793427 |
| 648 | 7 | |a Geschichte 1945 |2 gnd | |
| 650 | 7 | |a Zweiter Weltkrieg |0 (DE-588)4079167-1 |0 (DE-603)085224618 |2 gnd | |
| 651 | 7 | |a Polen |0 (DE-588)4373218-5 |0 (DE-603)088353737 |2 gnd | |
| 651 | 7 | |a Sudeten |0 (DE-588)4118873-1 |0 (DE-603)085372102 |2 gnd | |
| 856 | 4 | 2 | |m Digitalisierung BSB München 19 - ADAM Catalogue Enrichment |q application/pdf |u http://bvbr.bib-bvb.de:8991/F?func=service&doc_library=BVB01&local_base=BVB01&doc_number=034344561&sequence=000001&line_number=0001&func_code=DB_RECORDS&service_type=MEDIA |3 Inhaltsverzeichnis |
| 856 | 4 | 2 | |m Digitalisierung BSB München 19 - ADAM Catalogue Enrichment |q application/pdf |u http://bvbr.bib-bvb.de:8991/F?func=service&doc_library=BVB01&local_base=BVB01&doc_number=034344561&sequence=000003&line_number=0002&func_code=DB_RECORDS&service_type=MEDIA |3 Literaturverzeichnis |
| 856 | 4 | 2 | |m V:DE-603;B:DE-Mb50 |q application/pdf |u http://scans.hebis.de/HEBCGI/show.pl?51548588_bib.pdf |3 Buch Bibliographie |
| 856 | 4 | 2 | |m V:DE-603;B:DE-Mb50 |q application/pdf |u http://scans.hebis.de/HEBCGI/show.pl?51548588_cov.pdf |3 Cover |
| 856 | 4 | 2 | |m V:DE-603;B:DE-Mb50 |q application/pdf |u http://scans.hebis.de/HEBCGI/show.pl?51548588_sum.pdf |3 Abstract |
| 924 | 0 | |9 Mb 50 |a (DE-603)125602371X |b DE-Mb50 |c HES |d c |g 24.00763 | |
| 924 | 0 | |9 2080 |a (DE-603)1335133801 |b DE-2080 |c HES |d d |g / | |


